| 000 | 00501nam a22001817a 4500 | ||
|---|---|---|---|
| 005 | 20251205105306.0 | ||
| 008 | 251205b |||||||| |||| 00| 0 eng d | ||
| 020 | _a978-81-203-5116-5 | ||
| 050 | _aQA 76.9.B54 2025 | ||
| 100 | _aKULKARNI PARAG | ||
| 245 | _aBIG DATA ANALYTICS | ||
| 260 |
_aINDIA _bPHI LEARNING PRIVATE LIMITED _c2025 |
||
| 300 | _aX,185 | ||
| 500 | _aINCLUDES BIBLIOGRAPHY AND AN INDEX | ||
| 650 | _aData mining..Data collection | ||
| 700 | _aJOSHI SARANG | ||
| 942 |
_2lcc _cBK |
||
| 999 |
_c216339 _d216339 |
||